Essential movement experiences for preschool and primary children /

Bibliographic Details
Main Author: Dauer, Victor Paul, 1909-2000
Format: Book
Language:English
Published: Minneapolis : Burgess Pub. Co., [1972]
Subjects:

MARC

Tag First Indicator Second Indicator Subfields
LEADER 00000cam a2200000 4500
001 in00000154413
005 20151006060026.0
008 720621s1972 mnua b 00110 eng
010 |a  76189382  
020 |a 0808704222 
035 |a (OCoLC)00354757 
035 |9 AAR7667AM 
040 |a DLC  |c DLC  |d TXA  |d UtOrBLW 
049 |a TXAM  |c [1024916] 
050 0 0 |a GV443  |b .D33 
082 0 |a 372.8/6/044 
100 1 |a Dauer, Victor Paul,  |d 1909-2000. 
245 1 0 |a Essential movement experiences for preschool and primary children /  |c [by] Victor P. Dauer. 
264 1 |a Minneapolis :  |b Burgess Pub. Co.,  |c [1972] 
300 |a iv, 325 pages :  |b illustrations ;  |c 27 cm. 
336 |a text  |b txt  |2 rdacontent 
337 |a unmediated  |b n  |2 rdamedia 
338 |a volume  |b nc  |2 rdacarrier 
504 |a Bibliography: pages 313-319. 
650 0 |a Physical education for children. 
999 |a MARS 
999 f f |s 8b40cc23-9dcd-3fba-a1e0-ae2573d82dcb  |i 34e16db8-5480-3f4f-bd10-7467903b04c0  |t 0 
952 f f |p ric  |a Texas A&M University  |b Rellis Campus  |c Joint Library Facility  |d Remote Storage  |t 0  |e GV443 .D33  |h Library of Congress classification  |i unmediated -- volume  |m A14802460114 
998 f f |a GV443 .D33  |t 0  |l Remote Storage